00384pab a2200133 454500008004000000100001400040245010000054260000900154300001400163362000800177650001200185700001700197773003600214180718b2008 xxu||||| |||| 00| 0 eng d aSekar, I. aEconometric analysis of farmers' participation in tank modernization: evidence from South India c2008 ap.555-62. aFeb aFarmers aRamasamy, C. aAgricultural Situation in India